| 000 | 00653nam a22002417a 4500 | ||
|---|---|---|---|
| 003 | OSt | ||
| 005 | 20220107122846.0 | ||
| 008 | 181130b xxu||||| |||| 00| 0 eng d | ||
| 020 | _a9781484234853 | ||
| 040 | _cIIITMK | ||
| 082 | _a 006.312 HEN/L | ||
| 100 |
_aHenley, A J _915111 |
||
| 245 |
_aLearn data analysis with python: _bLessons in coding |
||
| 260 |
_aUSA, _bApress, _c2018. |
||
| 300 | _aix, 97p. | ||
| 650 |
_aCOMPUTER SCIENCE _916660 |
||
| 650 |
_aCOMPUTER PROGRAMMING _916661 |
||
| 650 |
_aPROGRAMMING LANGUAGE _916662 |
||
| 650 |
_aDATA ANALYSIS _916663 |
||
| 650 |
_aPYTHON _916664 |
||
| 700 |
_aWolf, Dave _915112 |
||
| 942 |
_2ddc _cBK |
||
| 999 |
_c6282 _d6282 |
||